000 00768cam a2200241 a 4500
001 000009079
005 20200929161500.0
008 820504s1940 ag 000 f spa
040 _aDO-SdBNP
_cCarP
_dDLC
082 _aA863.4
_bG965d, 1940
100 1 _aGüiraldes, Ricardo,
_d1886-1927.
_923727
245 1 0 _aDon Segundo Sombra /
_cRicardo Güiraldes.
250 _a2a ed.
260 _aBuenos Aires, (Argentina) :
_bLosada,
_c1940.
300 _a194 p. ;
_c19 cm.
490 1 _aBiblioteca contemporánea
_v49
650 4 _aNovela argentina
_93941
650 4 _aVida en el campo
_zArgentina
_xNovela
_923728
650 4 _aLiteratura argentina
_93860
830 0 _aBiblioteca contemporánea ;
_v49.
_914729
910 _aCatalogación por copia / LC
049 _aBNGR
999 _c8843
_d8843